| 000 | 00759cab a2200229 4500 | ||
|---|---|---|---|
| 001 | ABS47688 | ||
| 008 | 090401t1992 xxu||||| |||| 00| 0 eng d | ||
| 035 | _a(Sirsi) u63063 | ||
| 041 | _aeng | ||
| 100 | _aMiller, W. | ||
| 245 | _aTerms and conditions of the hypothetical lease at rent review | ||
| 260 | _c1992 | ||
| 350 | _a0 | ||
| 490 |
_aRent Review & Lease Renewal _v13(1) Autumn 1992, 25-29(5) |
||
| 520 | _aExamines the terms of the hypothetical lease and considers conditions to be included; repairing obligations, user restrictions, alienation and rent review provisions. | ||
| 650 | _aDEFINITIONS | ||
| 650 | _aLEASE TERMS | ||
| 650 | _aRENT REVIEWS | ||
| 690 | _aLANDLORD AND TENANT-RENT REVIEWS | ||
| 942 | _n0 | ||
| 948 | _c04/03/1997 | ||
| 999 |
_c39198 _d39198 |
||